Atlas universal

Guardado en:
Formato: Libro
Publicado: Barcelona : Planeta, 2005
Edición:3a. ed.
Materias:
Etiquetas: Agregar Etiqueta
Sin Etiquetas, Sea el primero en etiquetar este registro!
LEADER 00817nam a22002055a 4500
001 CEM.cems012931
005 20080701124256.0
008 130507s2005##################000#0#####d
003 CEMS
020 |a 8408466267 
082 0 4 |a C910 
245 0 0 |a Atlas universal 
250 |a 3a. ed. 
260 |a Barcelona :  |b Planeta,  |c 2005 
300 |a 396 p. 
505 0 |a Enciclopedia geográfica -- Cartografía del mundo -- Mapa índice -- Símbolos y leyendas de los mapas -- Europa -- España y Portugal -- Asia -- Africa -- América del Norte y Central -- América del Sur -- Oceanía -- Polo Norte -- Polo Sur -- Océanos -- Terminología geográfica e índice de topónimos 
653 |a Atlas 
653 |a Atlas universal 
653 |a Cartografía 
859 |a CEMS  |b BIB. CEMS - 11 de abril  |h C910  |i L297  |p 25224.08  |t Ej.1  |v 2005  |3 2005